[Event "Elancourt op 10th"]
[Site "Elancourt"]
[Date "2007.04.19"]
[Round "7"]
[White "Rouze, Frederic"]
[Black "Gallais, Tony"]
[Result "0-1"]
[WhiteElo "1790"]
[BlackElo "2046"]
[PlyCount "96"]
[EventDate "2007.04.14"]
[EventType "swiss"]
[EventRounds "9"]
[EventCountry "FRA"]
[SourceTitle "CBM 118 Extra"]
[Source "ChessBase"]
[SourceDate "2007.07.04"]
[SourceVersion "1"]
[SourceVersionDate "2007.07.04"]
[SourceQuality "1"]

1. d4 d5 2. Nf3 Nf6 3. c4 c6 4. e3 Bf5 5. Nc3 e6 6. a3 Nbd7 7. Be2 Bd6 8. cxd5 exd5 9. Qb3 Rb8 10. Bd2 Qe7 11. h3 h6 12. Nh4 Bh7 13. Nf3 0-0 14. 0-0 Bc7 15. Rac1 Qd6 16. Nd1 Ne4 17. Be1 Rfe8 18. g3 a5 19. Nc3 g5 20. Nxe4 Bxe4 21. Nh2 Bg6 22. Qd1 Kh7 23. Bh5 f5 24. Bxg6+ Qxg6 25. Qd3 Nf6 26. Rc5 Ne4 27. Rc2 h5 28. Kh1 Rg8 29. Nf3 Rbf8 30. Rg1 h4 31. gxh4 Qh5 32. Qe2 gxh4 33. Ne5 Rxg1+ 34. Kxg1 Qg5+ 35. Kf1 Bxe5 36. dxe5 Rg8 37. Qf3 a4 38. Ba5 c5 39. Bb6 Rg6 40. Bxc5 Rc6 41. Be7 Rxc2 42. Qxe4 Rc1+ 43. Ke2 Qh5+ 44. Qf3 Rc2+ 45. Kd3 Qxf3 46. Kxc2 Qe4+ 47. Kd2 Qxe5 48. Bb4 Qxb2+ 0-1

[Event "Elancourt op 10th"]
[Site "Elancourt"]
[Date "2007.04.17"]
[Round "5"]
[White "Allabatre, Steeve"]
[Black "Gallais, Tony"]
[Result "1/2-1/2"]
[WhiteElo "1820"]
[BlackElo "2046"]
[PlyCount "68"]
[EventDate "2007.04.14"]
[EventType "swiss"]
[EventRounds "9"]
[EventCountry "FRA"]
[SourceTitle "CBM 118 Extra"]
[Source "ChessBase"]
[SourceDate "2007.07.04"]
[SourceVersion "1"]
[SourceVersionDate "2007.07.04"]
[SourceQuality "1"]

1. d4 f5 2. c4 Nf6 3. Nc3 g6 4. Nf3 Bg7 5. g3 0-0 6. Bg2 d6 7. 0-0 Qe8 8. Re1 e5 9. dxe5 dxe5 10. e4 fxe4 11. Nxe4 Nxe4 12. Rxe4 Qf7 13. Qe2 Nc6 14. Ng5 Qf5 15. Be3 h6 16. g4 Qf6 17. Nf3 g5 18. b4 Bxg4 19. Rxg4 e4 20. Nd4 Nxd4 21. Bxd4 Qxd4 22. Rd1 Rxf2 23. Rxd4 Rxe2 24. Rdxe4 Rxa2 25. h4 Rd8 26. hxg5 Rd1+ 27. Kh2 h5 28. Rg3 h4 29. Rgg4 Rdd2 30. g6 Bf6 31. g7 Re2 32. Rxe2 Rxe2 33. Kg1 c6 34. b5 Re8 1/2-1/2